Statistiques concernant Meilleurs buteurs par clubs de Ligue 1 (2021-2022)

Cliquez ici pour prendre le quiz!

Statistiques générales

  • Ce quiz a été pris 1 228 fois
    (1 130 depuis la dernière actualisation)
  • Le résultat moyen est 11 sur 20

Statistiques - réponses

ClubButeur(s)Buts% Correct
Paris Saint-GermainKylian Mbappé28
100%
AS MonacoWissam Ben Yedder25
98%
Stade Rennais FCMartin Terrier21
87%
LOSC LilleJonathan David15
84%
Olympique LyonnaisMoussa Dembele21
78%
OGC NiceAndy Delort18
77%
Olympique de MarseilleDimitri Payet12
76%
RC Strasbourg AlsaceLudovic Ajorque13
70%
Clermont Foot 63Mohamed Bayo14
64%
FC NantesRandal Kolo-Muani12
49%
FC LorientTerem Moffi8
41%
AS Saint-ÉtienneWahbi Khazri10
41%
RC LensArnaud Kalimuendo12
38%
Montpellier MHSCElye Wahi10
36%
Stade Brestois 29Franck Honorat11
30%
Stade de ReimsHugo Ekitiké10
27%
Angers SCOSofiane Boufal8
23%
Girondins de BordeauxHwang Ui-Jo11
18%
FC MetzNicolas De Préville5
9%
ESTAC TroyesXavier Chavalerin - Ike Ugbo5
8%

Distribution des résultats

Percentile par nombre de réponses

% des personnes avec chaque résultat

Votre développement - résultats

Vous n’avez pas pris ce quiz depuis la dernière actualisation